<?xml version="1.0" encoding="UTF-8"?>
<record
    xmlns:xsi="http://www.w3.org/2001/XMLSchema-instance"
    xsi:schemaLocation="http://www.loc.gov/MARC21/slim http://www.loc.gov/standards/marcxml/schema/MARC21slim.xsd"
    xmlns="http://www.loc.gov/MARC21/slim">

  <leader>01084    a2200193   4500</leader>
  <controlfield tag="003">NUST</controlfield>
  <controlfield tag="005">20221215133405.0</controlfield>
  <datafield tag="010" ind1=" " ind2=" ">
    <subfield code="a">53006115</subfield>
  </datafield>
  <datafield tag="040" ind1=" " ind2=" ">
    <subfield code="c">Nust</subfield>
  </datafield>
  <datafield tag="082" ind1=" " ind2=" ">
    <subfield code="a">324,VLU</subfield>
  </datafield>
  <datafield tag="100" ind1=" " ind2=" ">
    <subfield code="a">Vlugt, Ebed Van Der</subfield>
    <subfield code="9">104967</subfield>
  </datafield>
  <datafield tag="245" ind1=" " ind2=" ">
    <subfield code="a">Asia aflame :</subfield>
    <subfield code="b">communism in the east /</subfield>
    <subfield code="c">Ebed Van Der Vlugt,</subfield>
  </datafield>
  <datafield tag="260" ind1=" " ind2=" ">
    <subfield code="a">Devin-Adair Co</subfield>
    <subfield code="b">New York</subfield>
    <subfield code="c">1953</subfield>
  </datafield>
  <datafield tag="300" ind1=" " ind2=" ">
    <subfield code="a">xvi , 294 p.:</subfield>
    <subfield code="b">illus</subfield>
    <subfield code="c">24 cm</subfield>
  </datafield>
  <datafield tag="505" ind1=" " ind2=" ">
    <subfield code="a">Introduction  The Red Masquerade (Page-3), The Red Legerdemain (Page-17), The Uprooting of Asia (Page-34), The Red Attack on Asia (Page-52), The Ted Campaign in the Middle East (Page-67), The Red Attack on Indo China (Page-81), The Ted Attack on India (Page-102), The Ted Attack on China (Page-113), The Ted Attack on Southeast Asia (Page-128), The Red Attack on Indonesia (Page-160), The Red Attack on Korea (Page-202), The Red Attack on Japan (Page-216), How to Meet the Red Attack in Asia (Page-225), How can we Fight World Communism (Page-241).</subfield>
  </datafield>
  <datafield tag="600" ind1=" " ind2=" ">
    <subfield code="a">Vlugt, Ebed Van Der</subfield>
    <subfield code="9">104967</subfield>
  </datafield>
  <datafield tag="650" ind1=" " ind2=" ">
    <subfield code="a">Asia aflame;communism in the east</subfield>
    <subfield code="9">104968</subfield>
  </datafield>
  <datafield tag="942" ind1=" " ind2=" ">
    <subfield code="2">ddc</subfield>
    <subfield code="c">BK</subfield>
    <subfield code="k">324,VLU</subfield>
  </datafield>
  <datafield tag="999" ind1=" " ind2=" ">
    <subfield code="c">184211</subfield>
    <subfield code="d">184211</subfield>
  </datafield>
  <datafield tag="952" ind1=" " ind2=" ">
    <subfield code="0">0</subfield>
    <subfield code="1">0</subfield>
    <subfield code="2">ddc</subfield>
    <subfield code="4">0</subfield>
    <subfield code="7">0</subfield>
    <subfield code="a">MCS</subfield>
    <subfield code="b">MCS</subfield>
    <subfield code="c">GEN</subfield>
    <subfield code="d">2016-12-12</subfield>
    <subfield code="o">324,VLU</subfield>
    <subfield code="p">MCS29482</subfield>
    <subfield code="r">2016-12-08</subfield>
    <subfield code="w">2016-12-12</subfield>
    <subfield code="y">BK</subfield>
    <subfield code="z">Almirah No.49, Shelf No.6</subfield>
  </datafield>
</record>
